Research methods for health and social care (Record no. 32606)

MARC details
000 -LEADER
fixed length control field 00686nam a2200169 a 4500
008 - FIXED-LENGTH DATA ELEMENTS--GENERAL INFORMATION
fixed length control field 151117s2002 ||||||||||||||||| || u
020 ## - INTERNATIONAL STANDARD BOOK NUMBER
International Standard Book Number 9780230500785
050 ## - LIBRARY OF CONGRESS CALL NUMBER
Classification number R 850 Res
100 ## - MAIN ENTRY--PERSONAL NAME
Personal name Neale, Joanne
245 10 - TITLE STATEMENT
Title Research methods for health and social care
Statement of responsibility, etc. Edited by Joanne Neale
260 ## - PUBLICATION, DISTRIBUTION, ETC.
Place of publication, distribution, etc. London
Name of publisher, distributor, etc. Palgrave Macmillan
Date of publication, distribution, etc. 2002
300 ## - PHYSICAL DESCRIPTION
Extent xxii, 308p.: Ill.
350 ## -
-- 25.06
650 ## - SUBJECT ADDED ENTRY--TOPICAL TERM
Topical term or geographic name entry element MEDICINE -- RESEARCH -- METHODOLOGY
650 ## - SUBJECT ADDED ENTRY--TOPICAL TERM
Topical term or geographic name entry element SOCIAL MEDICINE -- RESEARCH -- METHODOLOGY
995 ## -
-- MICHAEL CHILUFYA SATA OPEN ACCESS
-- 903238
-- CBU-SCHOOL OF MEDICINE LIBRARY (Ndola)
-- 25.06
-- R 850 Res
-- 1
-- AVAILABLE
-- Jan 22, 2016
-- 903238
-- Medical Library Open Access Collection
999 ## -
-- 32606
-- 32606
Holdings
Withdrawn status Lost status Source of classification or shelving scheme Damaged status Not for loan Permanent Location Current Location Shelving location Date acquired Total Checkouts Full call number Barcode Date last seen Price effective from Koha item type
          CBU-SCHOOL OF MEDICINE LIBRARY, NDOLA. CBU-SCHOOL OF MEDICINE LIBRARY, NDOLA.   11/30/2022   R 850 Res 903238 11/30/2022 11/30/2022 MONOGRAPH